Sports Quiz

Random Sports or Golf Quiz

The Open Championship Winners Since 1970 Quiz Stats

 Plays Quiz Updated Jul 23, 2018

Score 0/34 Timer 08:00
0 Plays Today
% Correct
Tiger Woods
95.2%
Phil Mickelson
92.7%
Rory McIlroy
90.2%
Jordan Spieth
89.3%
Ernie Els
88.5%
John Daly
81.2%
Greg Norman
80.3%
Jack Nicklaus
79.5%
Nick Faldo
78.8%
Zach Johnson
78.2%
Francesco Molinari
77.3%
Padraig Harrington
77.3%
Tom Watson
75.5%
Seve Ballesteros
73.9%
Henrik Stenson
72.8%
Darren Clarke
69.7%
David Duval
67.5%
% Correct
Stewart Cink
66.3%
Gary Player
65.7%
Mark O'Meara
64%
Lee Trevino
63.8%
Louis Oosthuizen
62.1%
Nick Price
58%
Justin Leonard
54.6%
Paul Lawrie
52.7%
Johnny Miller
50.7%
Ben Curtis
44.3%
Ian Baker-Finch
42.4%
Sandy Lyle
42.2%
Todd Hamilton
41.3%
Tom Lehman
37.2%
Mark Calcavecchia
34.7%
Tom Weiskopf
23.5%
Bill Rogers
18.3%

You're not logged in!

Compare scores with friends on all Sporcle quizzes.
OR
Log In

Show Comments

Extras

Top Quizzes Today


Score Distribution

Your Account Isn't Verified!

In order to create a playlist on Sporcle, you need to verify the email address you used during registration. Go to your Sporcle Settings to finish the process.

Report this User

Report this user for behavior that violates our Community Guidelines.

Details: